Insolvencies (Record no. 90926)
[ view plain ]
| 000 -LEADER | |
|---|---|
| fixed length control field | 00627cam a2200229 4500 |
| 008 - FIXED-LENGTH DATA ELEMENTS--GENERAL INFORMATION | |
| fixed length control field | 090401t1985 xxu||||| |||| 00| 0 eng d |
| 020 ## - INTERNATIONAL STANDARD BOOK NUMBER | |
| International Standard Book Number | 0854062831 |
| 022 ## - INTERNATIONAL STANDARD SERIAL NUMBER | |
| International Standard Serial Number | 0262-9682 |
| 035 ## - SYSTEM CONTROL NUMBER | |
| System control number | (Sirsi) u41394 |
| 041 ## - LANGUAGE CODE | |
| Language code of text/sound track or separate title | eng |
| 050 ## - LIBRARY OF CONGRESS CALL NUMBER | |
| Classification number | 692.81 |
| 090 ## - LOCALLY ASSIGNED LC-TYPE CALL NUMBER (OCLC); LOCAL CALL NUMBER (RLIN) | |
| Classification number (OCLC) (R) ; Classification number, CALL (RLIN) (NR) | RICS 1985/33ABCD |
| 110 ## - MAIN ENTRY--CORPORATE NAME | |
| Corporate name or jurisdiction name as entry element | Royal Institution of Chartered Surveyors |
| Subordinate unit | Quantity Surveyors' Division |
| 9 (RLIN) | 1263 |
| 245 ## - TITLE STATEMENT | |
| Title | Insolvencies |
| 260 ## - PUBLICATION, DISTRIBUTION, ETC. | |
| Place of publication, distribution, etc. | London |
| Name of publisher, distributor, etc. | Surveyors` Publications |
| Date of publication, distribution, etc. | 1985 |
| 300 ## - PHYSICAL DESCRIPTION | |
| Extent | 18p. 30cm |
| 350 ## - PRICE (NR) (BK AM CF MU VM SE) [OBSOLETE] | |
| Price | 0 |
| 490 ## - SERIES STATEMENT | |
| Series statement | RICS Quantity Surveyors Practice Pamphlet |
| Volume/sequential designation | 5 |
| 650 ## - SUBJECT ADDED ENTRY--TOPICAL TERM | |
| Topical term or geographic name entry element | Insolvency |
| 9 (RLIN) | 6247 |
| 942 ## - ADDED ENTRY ELEMENTS (KOHA) | |
| Suppress in OPAC | 0 |
| 948 ## - LOCAL PROCESSING INFORMATION (OCLC); SERIES PART DESIGNATOR (RLIN) | |
| c (OCLC) | 04/03/1997 |
| Withdrawn status | Lost status | Source of classification or shelving scheme | Damaged status | Not for loan | Home library | Current library | Shelving location | Date acquired | Total Checkouts | Full call number | Barcode | Date last seen | Copy number | Price effective from | Koha item type | Date last checked out |
|---|---|---|---|---|---|---|---|---|---|---|---|---|---|---|---|---|
| Dewey Decimal Classification | Historic collection | Historic collection | RICS Boxes | 14/09/1999 | RICS 1985/33 | 30029395 | 06/08/2019 | 1 | 06/08/2019 | Archive | ||||||
| Dewey Decimal Classification | London | London | RICS Boxes | 13/08/1991 | RICS 1985/33 | 30017093 | 06/08/2019 | 1 | 06/08/2019 | Reference material | ||||||
| Dewey Decimal Classification | London | London | RICS Boxes | 03/10/1991 | 4 | RICS 1985/33 | 30029390 | 06/08/2019 | 3 | 06/08/2019 | Book | 20/06/2008 |